000 00535nam a2200181Ia 4500
005 20250326141101.0
008 250326s9999 xx 000 0 und d
037 _aTextbook
040 _aFMSL
_beng
_cFMSL
041 _aeng
_2eng
084 _aX:74.1 N6
_qFMSL
100 _aBhalla V K
245 0 _aInternational business: Environment and management
_cBhalla V K; Shiva Ramu S
260 _aNew Delhi
_bNew Delhi, Anmoal Publications
_c1996
300 _a577p
942 _cTB
_hX:74.1 N6
999 _c1288629
_d1288629